Getting Things from God (Record no. 8591)

MARC details
000 -LEADER
fixed length control field 00617nam a2200241 a 4500
020 ## - INTERNATIONAL STANDARD BOOK NUMBER
ISBN 0896935
082 00 - DEWEY DECIMAL CLASSIFICATION NUMBER
Classification number 242
Author Cutter BLA
100 ## - MAIN ENTRY--AUTHOR NAME
Author name Blanchard, Charles A
245 ## - TITLE STATEMENT
Title Getting Things from God
Sub title Meaning of Christian Prayer
260 ## - PUBLICATION, DISTRIBUTION, ETC. (IMPRINT)
Place of publication U S A
Name of publisher Victor Books
Year of publication 1985
300 ## - PHYSICAL DESCRIPTION
Number of Pages 168p
500 ## - GENERAL NOTE
General note includes index and biblioraphy
505 2# - FORMATTED CONTENTS NOTE
Formatted contents note Index
650 ## - SUBJECT ADDED ENTRY--TOPICAL TERM
Topical Term Prayer-Christianity
942 ## - ADDED ENTRY ELEMENTS (KOHA)
Koha item type Books
700 1# -
-- Blanchard, Charles A
Holdings
Collection code Home library Current library Date acquired Cost, normal purchase price Full call number Accession Number Koha item type
  Henry Martyn Institute Library Henry Martyn Institute Library 06/29/2007 100.00 242 BLA 013962 Books
                   Copyright © 2026 | Henry Martyn Institute | Hyderabad | TS-500052 | INDIA | Implemented by hmi.edu.in
Hit-Count:

Powered by Koha